| 000 | 00710nam a22001937a 4500 | ||
|---|---|---|---|
| 999 |
_c18103 _d18103 |
||
| 003 | AR-CdUCM | ||
| 008 | 190511b ||||| |||| 00| 0 spa d | ||
| 040 |
_aMUNICIPALIDAD PROVINCIAL DEL CUSCO _cBIBLIOTECA MUNICIPAL DEL CUSCO |
||
| 082 |
_a580 / _bC82 _23 ed. |
||
| 100 |
_aCoulter, Merle C. _938494 |
||
| 245 | _aHistoria del reino vegetal / | ||
| 260 |
_aArgentina : _bPleamar, _c1961. |
||
| 300 |
_a299 páginas ; _c19 cm. |
||
| 505 | _aContenido : Plantas primitivas -- Las algas superiores -- La invasión de la tierra -- Bacterias -- Plantas de semilla primitiva ... | ||
| 650 |
_aMedicina general. _921670 |
||
| 650 |
_aPlantas medicinales. _914338 |
||
| 942 |
_2ddc _cLIBROS |
||
| 945 |
_arum _d2019-05-11 |
||